[Event "Sparkassen-Open J"]
[Site "Heusenstamm, Martinsee"]
[Date "2018.11.25"]
[Round "6.4"]
[White "Trenz, Finn"]
[Black "Bangiev, Anton"]
[Result "1/2-1/2"]
[WhiteElo "1023"]
[BlackElo "1264"]
[PlyCount "69"]
[EventDate "2018.??.??"]
[WhiteTeam "SK Gau-Algesheim"]
[BlackTeam "Sz Bemerode"]

1. e4 e5 2. Nf3 Nc6 3. Bc4 Bc5 4. c3 Bb6 5. d4 Qe7 6. Be3 d6 7. Nbd2 Bg4 8. h3
Bxf3 9. Nxf3 Nf6 10. Qd3 exd4 11. Nxd4 Nxd4 12. Bxd4 Bxd4 13. cxd4 Qxe4+ 14.
Qxe4+ Nxe4 15. O-O O-O 16. Rfe1 Rfe8 17. Re2 c6 18. Rae1 d5 19. Bd3 Nd6 20.
Rxe8+ Rxe8 21. Rxe8+ Nxe8 22. f4 Nd6 23. g4 g6 24. Kf2 f5 25. Kf3 Kf7 26. b4 b5
27. Bc2 Kf6 28. g5+ Kg7 29. a4 a6 30. a5 Nb7 31. h4 h6 32. Bd3 Nd8 33. Bf1 hxg5
34. hxg5 Ne6 35. Ke3 1/2-1/2

[Event "Sparkassen-Open J"]
[Site "Heusenstamm, Martinsee"]
[Date "2018.11.25"]
[Round "6.5"]
[White "Fuchs, Henrik"]
[Black "Kanno, Clara Yumi"]
[Result "1-0"]
[WhiteElo "1163"]
[BlackElo "1140"]
[PlyCount "123"]
[EventDate "2018.??.??"]
[WhiteTeam "SC Bad Soden"]
[BlackTeam "SK Altenkirchen"]

1. d4 d5 2. c4 e6 3. Nf3 h6 4. Nc3 a6 5. Bf4 c5 6. dxc5 Bxc5 7. cxd5 exd5 8.
Qxd5 Qb6 9. e3 Nf6 10. Qd2 O-O 11. Bd3 Nc6 12. O-O Bg4 13. Ne4 Nxe4 14. Bxe4
Kh8 15. Bxc6 Qxc6 16. Ne5 Qe6 17. Nxg4 Qxg4 18. Qc3 Rac8 19. h3 Qe6 20. Qe5
Qxe5 21. Bxe5 f6 22. Bc3 Ba7 23. Rfd1 Rfd8 24. Rxd8+ Rxd8 25. Rc1 Bb8 26. Ba5
Rd7 27. Rc8+ Kh7 28. Rxb8 b5 29. Rd8 Re7 30. Rd6 Re4 31. Rxa6 Ra4 32. a3 Kg6
33. f4 Kf5 34. Kf2 Ke4 35. Ra7 g5 36. Bb6 Rc4 37. Rc7 Ra4 38. Bc5 gxf4 39. Re7+
Kd3 40. b3 Ra6 41. exf4 Rc6 42. Re3+ Kc2 43. Bb4 f5 44. Ke2 Rg6 45. Rc3+ Kb2
46. Kf3 h5 47. a4 bxa4 48. bxa4 h4 49. Rc5 Rb6 50. Bc3+ Ka3 51. a5 Rb3 52. a6
Rb6 53. a7 Ra6 54. Ra5+ Rxa5 55. Bxa5 Ka4 56. a8=Q Kb5 57. Qd5+ Ka6 58. Qc5 Kb7
59. Qb6+ Ka8 60. Qb5 Ka7 61. Bc7 Ka8 62. Qb8# 1-0

[Event "Sparkassen-Open J"]
[Site "Heusenstamm, Martinsee"]
[Date "2018.11.25"]
[Round "6.6"]
[White "Ã–zyar, Arin"]
[Black "Schweizer, Michael"]
[Result "1/2-1/2"]
[WhiteElo "1134"]
[BlackElo "1498"]
[PlyCount "115"]
[EventDate "2018.??.??"]
[WhiteTeam "SC Bad Soden"]
[BlackTeam "TuS Makkabi"]

1. e4 c6 2. d4 d5 3. exd5 cxd5 4. Nf3 Nf6 5. Nc3 e6 6. Bg5 Be7 7. Bb5+ Bd7 8.
Bxd7+ Nbxd7 9. O-O Qb6 10. Rb1 O-O 11. Ne5 Bd6 12. Nxd7 Nxd7 13. Qg4 Kh8 14.
Rfd1 Qc7 15. Kh1 Bb4 16. Bd2 Bxc3 17. Bxc3 Nf6 18. Qf3 a5 19. Rd3 b5 20. Rc1
Rac8 21. Qe2 b4 22. Bd2 Ne4 23. a3 Nxd2 24. Qxd2 bxa3 25. Rxa3 Qb6 26. b3 Qb4
27. Qxb4 axb4 28. Ra4 Rb8 29. c4 bxc3 30. Rxc3 Rb7 31. b4 g6 32. g3 Rfb8 33.
Rb3 Kg7 34. Kg2 Rc8 35. b5 Rc4 36. Rbb4 Rxb4 37. Rxb4 Kf6 38. Kf3 Ke7 39. Kf4
Kd6 40. h4 f6 41. g4 e5+ 42. Ke3 Ra7 43. Rb3 exd4+ 44. Kxd4 Ra4+ 45. Kd3 Kc7
46. f3 Kb6 47. Rb2 Ra3+ 48. Ke2 Ra5 49. Kd3 Rxb5 50. Re2 Rb3+ 51. Kd4 Rxf3 52.
Kxd5 Rf4 53. Re6+ Kb5 54. Re7 f5 55. Rxh7 Rxg4 56. h5 gxh5 57. Rxh5 Rc4 58.
Rxf5 1/2-1/2

[Event "Sparkassen-Open J"]
[Site "Heusenstamm, Martinsee"]
[Date "2018.11.25"]
[Round "6.7"]
[White "Kuchta, Maksim"]
[Black "Bauer, Laura Sophie"]
[Result "1-0"]
[WhiteElo "1023"]
[BlackElo "1366"]
[PlyCount "99"]
[EventDate "2018.??.??"]
[WhiteTeam "SC Heusenstamm"]
[BlackTeam "SC Postbauer-Heng"]

1. e4 e5 2. Nf3 Nc6 3. d4 d6 4. Bb5 a6 5. Bc4 Nf6 6. Nc3 Be7 7. d5 Na7 8. O-O
c6 9. Be3 cxd5 10. Nxd5 Nxd5 11. Qxd5 Be6 12. Qd3 Bxc4 13. Qxc4 Nc6 14. Nd2 Bg5
15. Nf3 Bxe3 16. fxe3 O-O 17. Rf2 Qd7 18. Raf1 Qe6 19. Nd2 Qxc4 20. Nxc4 Rad8
21. Rd2 f6 22. a3 b5 23. Rxd6 Rxd6 24. Nxd6 Rd8 25. Rd1 b4 26. Kf2 Na5 27. Ke2
bxa3 28. bxa3 g6 29. c4 Nb3 30. Rd5 h5 31. Nb7 Rxd5 32. exd5 Kf8 33. c5 Nxc5
34. Nxc5 Ke8 35. Nxa6 Kd7 36. Kd3 e4+ 37. Kxe4 f5+ 38. Ke5 Kd8 39. Nc5 Kc7 40.
d6+ Kd8 41. Ke6 g5 42. Nb7+ Kc8 43. d7+ Kxb7 44. d8=Q Kc6 45. Qc8+ Kb5 46. Kd5
Kb6 47. Qc6+ Ka5 48. Qb7 g4 49. Kc4 Ka4 50. Qb4# 1-0

[Event "Sparkassen-Open J"]
[Site "Heusenstamm, Martinsee"]
[Date "2018.11.25"]
[Round "6.8"]
[White "Willand, Mattis"]
[Black "GÃ¤rtner, Johannes"]
[Result "1-0"]
[WhiteElo "1312"]
[BlackElo "1077"]
[PlyCount "89"]
[EventDate "2018.??.??"]
[WhiteTeam "SC FK Babenhausen"]
[BlackTeam "SF Heidesheim"]

1. c4 Nf6 2. Nc3 e5 3. g3 Nc6 4. Bg2 Bc5 5. e3 d6 6. Qb3 Rb8 7. Bxc6+ Bd7 8.
Bg2 O-O 9. Nge2 a6 10. O-O b5 11. cxb5 axb5 12. d4 Be6 13. Qc2 exd4 14. exd4
Ba7 15. Bg5 h6 16. Bxf6 Qxf6 17. Qd2 Rfe8 18. Rfe1 Bc4 19. b3 Bxe2 20. Nxe2 Bb6
21. Rac1 Ra8 22. Bxa8 Rxa8 23. Nf4 Ba5 24. b4 Bb6 25. Nd5 Qxd4 26. Qxd4 Bxd4
27. Re2 c5 28. Rce1 Ra7 29. bxc5 dxc5 30. Rb1 b4 31. Rc1 Rd7 32. Nb6 Rb7 33.
Na4 Rb5 34. Rec2 Ra5 35. Nxc5 Bxc5 36. Rxc5 Rxa2 37. Rb1 g5 38. Rxb4 Kg7 39.
Rb6 f6 40. Rcc6 Kg6 41. Rxf6+ Kh5 42. h3 Ra1+ 43. Kg2 Rg1+ 44. Kxg1 g4 45. Rb5#
1-0

[Event "Sparkassen-Open J"]
[Site "Heusenstamm, Martinsee"]
[Date "2018.11.25"]
[Round "6.9"]
[White "Vick, Edward"]
[Black "Czinkota, Michael"]
[Result "1-0"]
[WhiteElo "994"]
[BlackElo "1158"]
[PlyCount "85"]
[EventDate "2018.??.??"]
[WhiteTeam "TuS Makkabi Wiesbaden"]
[BlackTeam "SC Bad Soden"]

1. d4 Nf6 2. c4 g6 3. Nc3 Bg7 4. e4 d6 5. Nf3 O-O 6. Be3 Re8 7. b4 e5 8. dxe5
dxe5 9. Qxd8 Rxd8 10. Nxe5 Nxe4 11. Nxe4 Bxe5 12. Rc1 Bf5 13. Nc5 Bb2 14. Rd1
Rxd1+ 15. Kxd1 b6 16. Nd3 Bf6 17. Be2 Nc6 18. b5 Nd4 19. Bxd4 Bxd4 20. f3 h5
21. g4 hxg4 22. fxg4 Be4 23. Rf1 Rd8 24. Rf4 Bxd3 25. Bxd3 Be3 26. Re4 Rxd3+
27. Ke2 Rd2+ 28. Kxe3 Rxa2 29. h4 a5 30. Re7 Ra1 31. Rxc7 Re1+ 32. Kd4 a4 33.
Ra7 Ra1 34. Kc3 f5 35. gxf5 gxf5 36. c5 bxc5 37. b6 Rb1 38. b7 a3 39. Ra8+ Kg7
40. b8=Q Rxb8 41. Rxb8 f4 42. Rb1 f3 43. Kb3 1-0

[Event "Sparkassen-Open J"]
[Site "Heusenstamm, Martinsee"]
[Date "2018.11.25"]
[Round "6.10"]
[White "Bangiev, Katharina"]
[Black "Kautz, Christopher"]
[Result "1-0"]
[WhiteElo "1003"]
[BlackElo "958"]
[PlyCount "127"]
[EventDate "2018.??.??"]
[WhiteTeam "Sz Bemerode"]
[BlackTeam "SK GrÃ¼ndau"]

1. e4 e5 2. Nf3 Nc6 3. Bb5 Bc5 4. Nc3 d6 5. d3 Nf6 6. h3 Be6 7. Be3 Bb6 8. O-O
Qd7 9. d4 O-O 10. Bxc6 bxc6 11. Ng5 Bc4 12. Re1 h6 13. b3 Ba6 14. Nf3 Ba5 15.
Bd2 exd4 16. Nxd4 Rae8 17. Qf3 Bxc3 18. Bxc3 Bb7 19. b4 c5 20. bxc5 dxc5 21.
Nb3 Bxe4 22. Qg3 Qd6 23. Bxf6 Qxg3 24. fxg3 gxf6 25. Nxc5 Bxc2 26. Nd7 Rxe1+
27. Rxe1 Rd8 28. Nxf6+ Kf8 29. Kh2 c6 30. Ng4 h5 31. Ne5 Re8 32. Nd7+ Kg7 33.
Rxe8 Ba4 34. Re7 a5 35. Re4 Bb5 36. g4 h4 37. g5 a4 38. Rxh4 Kg6 39. Rf4 Kxg5
40. Rxf7 Bc4 41. Rg7+ Kh6 42. Rg4 Bxa2 43. Rxa4 Be6 44. Nc5 Bd5 45. g4 Kg5 46.
Kg3 Kh6 47. h4 Bh1 48. g5+ Kh5 49. Rg4 Bd5 50. g6 Kh6 51. h5 Kxh5 52. g7 Kh6
53. g8=Q Bxg8 54. Rxg8 Kh7 55. Rg5 Kh6 56. Kf4 Kh7 57. Kf5 Kh6 58. Kf6 Kh7 59.
Kf7 Kh6 60. Kf6 Kh7 61. Ne6 Kh6 62. Kf7 c5 63. Rxc5 Kh7 64. Rh5# 1-0

[Event "Sparkassen-Open J"]
[Site "Heusenstamm, Martinsee"]
[Date "2018.11.25"]
[Round "6.11"]
[White "Pessotschinski, Lars"]
[Black "Fischer, Juliane"]
[Result "1-0"]
[WhiteElo "1563"]
[BlackElo "874"]
[PlyCount "105"]
[EventDate "2018.??.??"]
[WhiteTeam "TuS Makkabi"]
[BlackTeam "SK Gernsheim"]

1. e4 e5 2. Nf3 Nc6 3. d4 exd4 4. Nxd4 Bc5 5. Nxc6 bxc6 6. Bd3 d5 7. O-O Ne7 8.
Nd2 O-O 9. Nb3 Bb6 10. Re1 Be6 11. Qh5 Ng6 12. Be3 c5 13. Nxc5 d4 14. Nxe6 fxe6
15. Bd2 Qf6 16. Qe2 Nf4 17. Bxf4 Qxf4 18. Rad1 c5 19. Qd2 Qh4 20. g3 Qh3 21.
Bf1 Qg4 22. Qe2 Qxe2 23. Rxe2 Bc7 24. Bg2 Rab8 25. b3 Rb6 26. Rd3 e5 27. Rf3
Re8 28. Bf1 Rh6 29. Rd2 Rh5 30. Bc4+ Kh8 31. Bf7 Rf8 32. Bxh5 Rxf3 33. Bxf3 Ba5
34. Rd1 Kg8 35. Be2 Kf7 36. Rf1 h6 37. f4 Ke6 38. Bc4+ Kd6 39. Bd5 Bd2 40.
fxe5+ Kd7 41. Rf7+ Ke8 42. e6 Be3+ 43. Kf1 Bg5 44. Rxa7 Bd8 45. a4 Bb6 46. Bc6+
Kf8 47. e7+ Kf7 48. e8=Q+ Kf6 49. Rf7+ Kg6 50. Rf4+ Kh7 51. e5 g5 52. Be4+ Kg7
53. Rf7# 1-0

[Event "Sparkassen-Open J"]
[Site "Heusenstamm, Martinsee"]
[Date "2018.11.25"]
[Round "6.13"]
[White "Laux, Filip"]
[Black "Keller, Erik"]
[Result "0-1"]
[WhiteElo "1053"]
[BlackElo "1082"]
[PlyCount "136"]
[EventDate "2018.??.??"]
[WhiteTeam "VSG Offenbach"]
[BlackTeam "SC Heusenstamm"]

1. e4 e5 2. Nf3 Nf6 3. Bc4 Nxe4 4. Qe2 Nf6 5. Nxe5 Qe7 6. Bxf7+ Kd8 7. Bc4 d5
8. Bb3 Nbd7 9. Nxd7 Qxe2+ 10. Kxe2 Bxd7 11. Re1 c6 12. Kf1 Bd6 13. g3 Kc7 14.
d3 Rae8 15. Be3 Bh3+ 16. Kg1 d4 17. Bd2 Rxe1+ 18. Bxe1 Re8 19. Bd2 Re2 20. f4
Rg2+ 21. Kh1 Ng4 22. Be1 Rxh2+ 23. Kg1 Rg2+ 24. Kf1 Rxc2+ 25. Kg1 Rg2+ 26. Kh1
Bb4 27. Be6 Rh2+ 28. Kg1 Rg2+ 29. Kh1 Rxb2 30. Bxg4 Bxg4 31. Bxb4 Rxb4 32. Nd2
Rb5 33. Nc4 Rh5+ 34. Kg2 Bd7 35. Re1 g5 36. fxg5 Rxg5 37. Re7 Rd5 38. Rxh7 Kd8
39. Rh8+ Be8 40. Rh7 Rd7 41. Rh4 c5 42. a4 Re7 43. Kf3 Bxa4 44. Rh1 Bb5 45. Nd6
Bc6+ 46. Ne4 Bxe4+ 47. dxe4 c4 48. Rd1 d3 49. Ke3 Rd7 50. Rd2 b5 51. Rd1 d2 52.
Rxd2 b4 53. Rxd7+ Kxd7 54. Kd4 c3 55. Kd3 a5 56. Kc2 Ke6 57. g4 a4 58. g5 Ke5
59. g6 Kf6 60. e5+ Kxg6 61. Kd3 Kf5 62. Kc2 Kxe5 63. Kd3 Kd5 64. Kc2 Kc4 65.
Kb1 Kd3 66. Kc1 c2 67. Kb2 Kd2 68. Ka2 b3+ 0-1

[Event "Sparkassen-Open J"]
[Site "Heusenstamm, Martinsee"]
[Date "2018.11.25"]
[Round "6.14"]
[White "Huang, Luca Hanson"]
[Black "Moldenhauer, Nils"]
[Result "1/2-1/2"]
[WhiteElo "1141"]
[BlackElo "1019"]
[PlyCount "56"]
[EventDate "2018.??.??"]
[WhiteTeam "SK Mannheim-Lindenhof"]
[BlackTeam "SV Oberursel"]

1. e4 e5 2. Nf3 Nc6 3. Bc4 Bc5 4. c3 Nf6 5. d4 exd4 6. cxd4 Bb4+ 7. Nc3 Nxe4 8.
O-O O-O 9. Bd2 Nf6 10. Re1 d5 11. Bd3 Bg4 12. a3 Bd6 13. Bg5 Be7 14. Be2 h6 15.
Bh4 Re8 16. Ne5 Bxe2 17. Rxe2 Qd6 18. Qd2 Bd8 19. Nxc6 Qxc6 20. Rae1 Qd7 21.
Bxf6 Bxf6 22. Qf4 c6 23. Na4 Rxe2 24. Rxe2 Bg5 25. Qf3 Bf6 26. Qf4 Re8 27.
Rxe8+ Qxe8 28. g3 Qe4 1/2-1/2

[Event "Sparkassen-Open J"]
[Site "Heusenstamm, Martinsee"]
[Date "2018.11.25"]
[Round "6.15"]
[White "Hentschker, Josefin"]
[Black "Grebe, Sabrina"]
[Result "1-0"]
[WhiteElo "1162"]
[BlackElo "901"]
[PlyCount "63"]
[EventDate "2018.??.??"]
[WhiteTeam "VSG Offenbach"]
[BlackTeam "SC Heusenstamm"]

1. e4 e5 2. Nf3 Nc6 3. Bc4 Bc5 4. Nc3 Nf6 5. d3 d6 6. h3 O-O 7. Bg5 h6 8. Bh4
a6 9. Nd5 b5 10. Nxf6+ gxf6 11. Qd2 Kh7 12. Bd5 Bb7 13. Bxc6 Bxc6 14. d4 Bb6
15. dxe5 dxe5 16. Qe2 Qd6 17. Rd1 Qe6 18. Nh2 Rg8 19. Ng4 Rg6 20. Qf3 Kg7 21.
Ne3 Qxa2 22. Nf5+ Kf8 23. Qc3 Bxe4 24. Ne3 b4 25. Qxb4+ Bc5 26. Qxc5+ Kg7 27.
f3 Bb7 28. Qxc7 Ra7 29. O-O Qxb2 30. Nf5+ Kh7 31. Qxf7+ Rg7 32. Qxg7# 1-0

[Event "Sparkassen-Open J"]
[Site "Heusenstamm, Martinsee"]
[Date "2018.11.25"]
[Round "6.16"]
[White "Bako, Isabella"]
[Black "Merz, Leander"]
[Result "0-1"]
[WhiteElo "820"]
[BlackElo "1114"]
[PlyCount "78"]
[EventDate "2018.??.??"]
[WhiteTeam "TSV Langenau"]
[BlackTeam "Schachforum Darmstadt"]

1. d4 d5 2. e3 Nf6 3. Nf3 Nc6 4. Bd3 g6 5. b3 e6 6. Bb2 Bg7 7. Nbd2 Bd7 8. O-O
Qe7 9. Ne5 Qd6 10. f4 O-O 11. Qc1 Qe7 12. Nxc6 Bxc6 13. Ba3 Qd7 14. Bxf8 Rxf8
15. Nf3 Qd6 16. Ng5 Ng4 17. Qe1 Bh6 18. Qh4 Bxg5 19. Qxg5 Nxe3 20. Rf3 Nf5 21.
Bxf5 exf5 22. Rh3 h5 23. Rxh5 Re8 24. Rh3 Re4 25. Qh6 Qf6 26. Qg5 Qxd4+ 27. Kf1
Rxf4+ 28. Qxf4 Qxf4+ 29. Rf3 Qxh2 30. Rh3 Qe5 31. Re1 Qf6 32. Kf2 Qb2 33. Reh1
Qxc2+ 34. Kg3 d4 35. Rh8+ Kg7 36. R1h7+ Kf6 37. Rh2 Qd3+ 38. Kf2 Qe3+ 39. Kf1
Bb5# 0-1

[Event "Sparkassen-Open J"]
[Site "Heusenstamm, Martinsee"]
[Date "2018.11.25"]
[Round "6.17"]
[White "Bako, Evelin"]
[Black "Matsoukas, Konstantinos"]
[Result "1-0"]
[WhiteElo "1002"]
[BlackElo "866"]
[PlyCount "55"]
[EventDate "2018.??.??"]
[WhiteTeam "TSV Langenau"]
[BlackTeam "Frankfurter TV"]

1. d4 c5 2. Nf3 d6 3. e3 Bg4 4. Be2 Qa5+ 5. Bd2 Qb6 6. b3 Nf6 7. Nc3 d5 8. O-O
e6 9. Ne5 Bh5 10. Bxh5 cxd4 11. exd4 Qxd4 12. Re1 Nxh5 13. Qxh5 g6 14. Qe2 Bg7
15. Nb5 Qc5 16. Be3 Qe7 17. Bd2 a6 18. Nd4 O-O 19. Rac1 Qa3 20. Rb1 Qxa2 21.
Bb4 a5 22. Bxf8 Bxf8 23. Qf3 f5 24. Nxe6 Bb4 25. Rf1 Qxc2 26. Qxd5 Ra7 27. Nd4+
Kg7 28. Nxc2 1-0

[Event "Sparkassen-Open J"]
[Site "Heusenstamm, Martinsee"]
[Date "2018.11.25"]
[Round "6.18"]
[White "Culha, Merve"]
[Black "von Knorre, Christoph"]
[Result "1-0"]
[WhiteElo "812"]
[BlackElo "970"]
[Annotator "Schloessner,Henrik"]
[PlyCount "65"]
[EventDate "2018.??.??"]
[WhiteTeam "SC Heusenstamm"]
[BlackTeam "VSG Offenbach"]

1. e4 e5 2. Nf3 Nc6 3. Bc4 Bc5 4. Nc3 Nf6 5. d3 h6 6. O-O d6 7. h3 Be6 8. Bxe6
fxe6 9. a3 a5 10. Qe1 d5 11. Rb1 Qd6 12. Nb5 Qd7 13. c3 d4 14. Ra1 Na7 15. Nxa7
Bxa7 16. Nxe5 Qd6 17. Bf4 Qc5 18. Ng6 Rg8 19. b4 axb4 20. cxb4 Qc2 21. Qd2 Qb3
22. Bxc7 Rc8 23. Rfb1 Qc3 24. Qxc3 dxc3 25. Be5 c2 26. Rc1 Kf7 27. Nf4 Rc3 28.
Bxc3 Rd8 29. d4 Nxe4 30. Bb2 e5 31. f3 Nd2 32. Rxc2 Nb3 33. Rf1 {Rest nicht
nachvollziehbar! 1-0 (52.)} 1-0

[Event "Sparkassen-Open J"]
[Site "Heusenstamm, Martinsee"]
[Date "2018.11.25"]
[Round "6.19"]
[White "Scheerer, Amelie"]
[Black "Milman, Sophie"]
[Result "1-0"]
[WhiteElo "908"]
[BlackElo "704"]
[PlyCount "57"]
[EventDate "2018.??.??"]
[WhiteTeam "SV Ffm-Griesheim"]
[BlackTeam "SC Heusenstamm"]

1. e4 e5 2. Bc4 Nf6 3. Nc3 Nc6 4. Nf3 Bb4 5. O-O O-O 6. d3 d6 7. h3 h6 8. Be3
Bd7 9. Qd2 Qe7 10. Bxh6 gxh6 11. Qxh6 Nh7 12. Qg6+ Kh8 13. Qh6 Rg8 14. h4 Bg4
15. Ng5 f6 16. Bxg8 Kxg8 17. Nd5 Qg7 18. Qxg7+ Kxg7 19. Ne6+ Bxe6 20. Nxc7 Rg8
21. Nxe6+ Kh6 22. c3 Ba5 23. Rae1 Rg4 24. g3 b5 25. Re3 Kg6 26. Kg2 Kh5 27. f3
Rg6 28. g4+ Kxh4 29. Rh1# 1-0

[Event "Sparkassen-Open J"]
[Site "Heusenstamm, Martinsee"]
[Date "2018.11.25"]
[Round "6.21"]
[White "Ninnemann, Patrick"]
[Black "Jelinek, Tim"]
[Result "0-1"]
[WhiteElo "799"]
[BlackElo "773"]
[PlyCount "52"]
[EventDate "2018.??.??"]
[WhiteTeam "Chess Tigers"]
[BlackTeam "SC Kahl"]

1. e4 e5 2. Nf3 d6 3. Bb5+ Bd7 4. Bxd7+ Qxd7 5. O-O Nf6 6. Nc3 Nc6 7. d3 O-O-O
8. Bg5 Be7 9. Re1 h6 10. Bxf6 Bxf6 11. Nd5 Be7 12. Nxe7+ Qxe7 13. d4 g5 14.
dxe5 dxe5 15. Qe2 g4 16. Nd2 h5 17. Nc4 Kb8 18. h3 Nd4 19. Qd2 Nf3+ 20. gxf3
Rxd2 21. hxg4 h4 22. Nxd2 h3 23. Nc4 Qb4 24. b3 Qc3 25. Rac1 Qxf3 26. Nxe5 Qg2#
0-1

[Event "Sparkassen-Open J"]
[Site "Heusenstamm, Martinsee"]
[Date "2018.11.25"]
[Round "6.22"]
[White "Spelleken, Mark"]
[Black "Gruiosu, Paul Gabriel"]
[Result "1/2-1/2"]
[WhiteElo "814"]
[BlackElo "793"]
[PlyCount "119"]
[EventDate "2018.??.??"]
[WhiteTeam "SC Kahl"]
[BlackTeam "SG Trier"]

1. d4 d5 2. Nc3 Nf6 3. g3 Nc6 4. Nf3 g6 5. Bg2 Bg7 6. Bf4 a6 7. Be5 Bf5 8. Bf4
O-O 9. Ne5 Nxe5 10. Bxe5 e6 11. O-O Re8 12. Na4 b6 13. Qd2 Qd7 14. Nc3 Rac8 15.
Qg5 h6 16. Qf4 g5 17. Qd2 c5 18. dxc5 bxc5 19. Rfe1 c4 20. e4 dxe4 21. Qxd7
Nxd7 22. Bxg7 Kxg7 23. Nxe4 Bxe4 24. Rxe4 Nf6 25. Rd4 Red8 26. Rad1 Rxd4 27.
Rxd4 Rb8 28. b3 a5 29. Rxc4 Nd5 30. Kf1 Rb4 31. Ke2 Rxc4 32. bxc4 Nc3+ 33. Kd3
Nxa2 34. c5 a4 35. Kc4 Kf8 36. Kb5 a3 37. Ka4 Nb4 38. Kxa3 Nxc2+ 39. Ka4 f5 40.
Kb5 Ke8 41. c6 Kd8 42. Kb6 Kc8 43. c7 e5 44. Bb7+ Kd7 45. c8=Q+ Kd6 46. Qc5+
Ke6 47. Kc6 Kf6 48. Kd7 Kg6 49. Bf3 g4 50. Qd6+ Kg5 51. Qxe5 gxf3 52. Ke7 Nb4
53. h3 Nc6+ 54. Ke6 Nxe5 55. Kxe5 h5 56. Ke6 h4 57. gxh4+ Kxh4 58. Kxf5 Kxh3
59. Kf4 Kg2 60. Ke3 1/2-1/2

[Event "Sparkassen-Open J"]
[Site "Heusenstamm, Martinsee"]
[Date "2018.11.25"]
[Round "7.1"]
[White "Lorenz, Alexander"]
[Black "Heuberger, Sandra"]
[Result "1-0"]
[WhiteElo "1748"]
[BlackElo "1055"]
[PlyCount "85"]
[EventDate "2018.??.??"]
[WhiteTeam "SV Bergwinkel"]
[BlackTeam "SV RÃ¼dersdorf"]

1. e4 e5 2. Nf3 Nc6 3. d4 exd4 4. Bc4 Be7 5. Nxd4 Nf6 6. Nc3 O-O 7. O-O d6 8.
Nxc6 bxc6 9. f4 Bg4 10. Qd3 Rb8 11. f5 d5 12. exd5 Bc5+ 13. Kh1 cxd5 14. Nxd5
c6 15. Nxf6+ Qxf6 16. h3 Rbd8 17. Qg3 Bxf5 18. Bg5 Qd4 19. Bxd8 Rxd8 20. Bxf7+
Kxf7 21. Rxf5+ Kg8 22. Qd3 Qxd3 23. cxd3 Rxd3 24. Rxc5 Rd6 25. Rac1 h6 26. Rxc6
Rd7 27. Rc8+ Kh7 28. R8c7 Rd2 29. R1c2 Rd1+ 30. Kh2 a6 31. Ra7 Rd6 32. Rcc7 Rg6
33. Ra8 a5 34. Rxa5 Kh8 35. b4 Kh7 36. b5 h5 37. Rc6 Rxc6 38. bxc6 g6 39. c7
Kh6 40. c8=Q g5 41. Ra6+ Kh7 42. Qc7+ Kg8 43. Ra8# 1-0

[Event "Sparkassen-Open J"]
[Site "Heusenstamm, Martinsee"]
[Date "2018.11.25"]
[Round "7.2"]
[White "Fuchs, Henrik"]
[Black "Althaus, Lennart"]
[Result "0-1"]
[WhiteElo "1163"]
[BlackElo "1488"]
[PlyCount "110"]
[EventDate "2018.??.??"]
[WhiteTeam "SC Bad Soden"]
[BlackTeam "TV-GroÃŸostheim"]

1. d4 d5 2. c4 c6 3. cxd5 cxd5 4. Nf3 Nc6 5. Nc3 Nf6 6. Bg5 Bf5 7. Bxf6 exf6 8.
e3 Bb4 9. Bb5 O-O 10. O-O Bxc3 11. bxc3 Qa5 12. Qb3 Be4 13. Nd2 a6 14. Nxe4
dxe4 15. Bxc6 bxc6 16. Rab1 Qd5 17. Qxd5 cxd5 18. Rb6 Rfc8 19. Rc1 Kf8 20. f3
f5 21. Kf2 Ke7 22. Ke2 Rab8 23. Rxa6 Rb2+ 24. Kf1 exf3 25. gxf3 Rxh2 26. Ra7+
Ke6 27. Ra6+ Kd7 28. Ke1 Rh3 29. Ke2 Rh2+ 30. Kd3 Rf2 31. Rg1 g6 32. Rg3 Re8
33. f4 h5 34. a4 Ra2 35. Ra7+ Ke6 36. Ra6+ Ke7 37. Ra7+ Kf6 38. Ra6+ Re6 39.
Ra5 Rd6 40. Rg1 Rb2 41. Rb5 Ra2 42. a5 Ke6 43. Rh1 Ra6 44. Rb6+ Rxb6 45. axb6
Rb2 46. c4 Rb3+ 47. Kc2 dxc4 48. Rb1 Rxb1 49. Kxb1 Kd6 50. d5 h4 51. b7 Kc7 52.
d6+ Kxb7 53. Kc2 h3 54. d7 Kc7 55. d8=Q+ Kxd8 0-1

[Event "Sparkassen-Open J"]
[Site "Heusenstamm, Martinsee"]
[Date "2018.11.25"]
[Round "7.3"]
[White "Kuchta, Maksim"]
[Black "Willand, Mattis"]
[Result "1/2-1/2"]
[WhiteElo "1023"]
[BlackElo "1312"]
[PlyCount "42"]
[EventDate "2018.??.??"]
[WhiteTeam "SC Heusenstamm"]
[BlackTeam "SC FK Babenhausen"]

1. e4 c5 2. Nf3 Nc6 3. d4 cxd4 4. Nxd4 g6 5. Bc4 Bg7 6. Nxc6 bxc6 7. Nc3 Rb8 8.
O-O d6 9. Re1 Bd7 10. Qd3 Nf6 11. b3 O-O 12. Bb2 Qb6 13. Qe3 c5 14. e5 Ng4 15.
Qg5 Nxe5 16. Nd5 Qd8 17. Nxe7+ Kh8 18. Bxe5 Bxe5 19. Rxe5 dxe5 20. Qxe5+ f6 21.
Qxc5 Qb6 1/2-1/2

[Event "Sparkassen-Open J"]
[Site "Heusenstamm, Martinsee"]
[Date "2018.11.25"]
[Round "7.5"]
[White "Meng, Yuxuan"]
[Black "Trenz, Finn"]
[Result "1-0"]
[WhiteElo "1274"]
[BlackElo "1023"]
[PlyCount "49"]
[EventDate "2018.??.??"]
[WhiteTeam "SV Walldorf"]
[BlackTeam "SK Gau-Algesheim"]

1. e4 e5 2. Nf3 Nc6 3. Bc4 Bc5 4. c3 Nf6 5. d4 exd4 6. cxd4 Bb4+ 7. Nc3 Nxe4 8.
O-O Nxc3 9. bxc3 Be7 10. d5 Na5 11. Bd3 b6 12. Re1 d6 13. Bg5 f6 14. Bf4 Bb7
15. c4 Qd7 16. Nd4 c6 17. Bf5 Qc7 18. dxc6 Nxc6 19. Nxc6 Qxc6 20. Be4 Qc7 21.
Bxb7 Qxb7 22. Bxd6 Rd8 23. Qh5+ g6 24. Qb5+ Qd7 25. Rxe7+ 1-0

[Event "Sparkassen-Open J"]
[Site "Heusenstamm, Martinsee"]
[Date "2018.11.25"]
[Round "7.6"]
[White "Vick, Edward"]
[Black "Bangiev, Katharina"]
[Result "1/2-1/2"]
[WhiteElo "994"]
[BlackElo "1003"]
[PlyCount "109"]
[EventDate "2018.??.??"]
[WhiteTeam "TuS Makkabi Wiesbaden"]
[BlackTeam "Sz Bemerode"]

1. d4 Nf6 2. c4 g6 3. Nc3 Bg7 4. Nf3 d6 5. e4 O-O 6. Be2 Nc6 7. O-O e5 8. d5
Ne7 9. Be3 c6 10. b4 a6 11. c5 dxc5 12. bxc5 cxd5 13. Bg5 dxe4 14. Nxe5 Nd7 15.
Nxd7 Bxd7 16. Rc1 h6 17. Be3 Bf5 18. Qa4 Nd5 19. Nxd5 Qxd5 20. f3 Rfe8 21. Bf2
exf3 22. Bxf3 Be4 23. Rfd1 Qe5 24. Bd4 Qf5 25. Bxe4 Qxe4 26. Rc4 Bxd4+ 27.
Rcxd4 Qe3+ 28. Kf1 Qe2+ 29. Kg1 Qb5 30. Qc2 Rac8 31. Rd5 b6 32. a4 Qb4 33. R5d4
Qxc5 34. Qxc5 Rxc5 35. Rb4 b5 36. Rd6 bxa4 37. Rxa4 a5 38. Ra6 Ree5 39. Kf2
Rc2+ 40. Kf3 Rc3+ 41. Kf2 Rc2+ 42. Kf3 Rf5+ 43. Kg3 Rc3+ 44. Kg4 h5+ 45. Kh4
Rc2 46. Kh3 g5 47. R6xa5 Rc3+ 48. g3 Rxa5 49. Rxa5 g4+ 50. Kg2 Rc2+ 51. Kg1
Rc1+ 52. Kg2 Rc2+ 53. Kg1 Kg7 54. Rxh5 Kg6 55. Rh8 1/2-1/2

[Event "Sparkassen-Open J"]
[Site "Heusenstamm, Martinsee"]
[Date "2018.11.25"]
[Round "7.7"]
[White "Keller, Erik"]
[Black "Pessotschinski, Lars"]
[Result "1/2-1/2"]
[WhiteElo "1082"]
[BlackElo "1563"]
[PlyCount "71"]
[EventDate "2018.??.??"]
[WhiteTeam "SC Heusenstamm"]
[BlackTeam "TuS Makkabi"]

1. e4 c5 2. Nf3 d6 3. d4 cxd4 4. Nxd4 Nf6 5. Nc3 g6 6. Bb5+ Bd7 7. Bxd7+ Qxd7
8. O-O Bg7 9. Re1 Nc6 10. Nxc6 Qxc6 11. Nd5 Nxd5 12. exd5 Qc7 13. c3 O-O 14.
Be3 Rac8 15. Bd4 Qa5 16. Bxg7 Kxg7 17. Rxe7 Rc7 18. Rxc7 Qxc7 19. Qd4+ Kg8 20.
Qxa7 Re8 21. Qd4 Qe7 22. Qd2 h6 23. Kf1 Qh4 24. h3 Kh7 25. Re1 Rxe1+ 26. Qxe1
Qc4+ 27. Kg1 Qxa2 28. Qd2 h5 29. Kh2 b6 30. h4 Qc4 31. Qd4 Qxd4 32. cxd4 Kg7
33. Kg3 Kf6 34. Kf4 b5 35. b4 Ke7 36. Ke3 1/2-1/2

[Event "Sparkassen-Open J"]
[Site "Heusenstamm, Martinsee"]
[Date "2018.11.25"]
[Round "7.8"]
[White "Schweizer, Michael"]
[Black "Rehbein, Vitus"]
[Result "1/2-1/2"]
[WhiteElo "1498"]
[BlackElo "1159"]
[PlyCount "86"]
[EventDate "2018.??.??"]
[WhiteTeam "TuS Makkabi"]
[BlackTeam "Sz Bemerode"]

1. e4 d6 2. Nc3 Nf6 3. g3 g6 4. Bg2 Bg7 5. d3 Nc6 6. Nge2 O-O 7. O-O e5 8. Be3
Be6 9. Qd2 Nd7 10. f4 f5 11. Bh3 Qe7 12. Nb5 Nb6 13. Rf2 a6 14. Bxb6 axb5 15.
Be3 Rxa2 16. Rxa2 Bxa2 17. b3 fxe4 18. fxe5 dxe5 19. Rxf8+ Qxf8 20. dxe4 b4 21.
Bg2 Qd6 22. Qc1 b6 23. Bf1 Na5 24. Qb2 Bxb3 25. cxb3 Qd3 26. Bg5 h6 27. Bd2
Qxe4 28. Bg2 Qd3 29. Bxb4 e4 30. Bc3 Bxc3 31. Nxc3 e3 32. b4 Qd4 33. Kf1 Nc4
34. Bd5+ Kh7 35. Bxc4 Qxc4+ 36. Ne2 Qf7+ 37. Kg2 Qf2+ 38. Kh3 Qf1+ 39. Kh4 Qf5
40. g4 Qf2+ 41. Kh3 Qf1+ 42. Kg3 Qf2+ 43. Kh3 Qf3+ 1/2-1/2